000 00201nam a22000857a 4500
999 _c11000
_d11000
008 180716b ||||| |||| 00| 0 eng d
100 _aSharma.K.G.
_96791
245 _aSocial Science-7
260 _aNew Delhi